Formula 2 2025 Drivers - Statistics

General Stats
  • This quiz has been taken 87 times
    42 since last reset
  • The average score is 16 of 22
Answer Stats
Hint Answer % Correct
Campos Racing SPA Pepe Martí
92%
Campos Racing GBR Arvid Lindblad
89%
Rodin Motorsport IRE Alex Dunne
86%
Hitech TGR SWE Dino Beganovic
86%
Prema Racing ITA Gabriele Minì
86%
Prema Racing COL Sebastián Montoya
86%
AIX Racing PAR Joshua Dürksen
78%
DAMS Lucas Oil IND Kush Maini
78%
Invicta Racing ITA Leonardo Fornaroli
78%
Hitech TGR GBR Luke Browning
78%
MP Motorsport NET Richard Verschoor
78%
MP Motorsport GER Oliver Goethe
75%
DAMS Lucas Oil USA Jak Crawford
72%
ART Grand Prix FRA Victor Martins
72%
Invicta Racing CZR Roman Staněk
67%
Rodin Motorsport BEL Amaury Cordeel
64%
ART Grand Prix JAP Ritomo Miyata
64%
AIX Racing GBR Cian Shields
58%
Van Amersfoort Racing MEX Rafael Villagómez
56%
Trident FRA Sami Meguetounif
53%
Van Amersfoort Racing GBR John Bennett
44%
Trident USA Max Esterson
44%
No matching quizzes found
Score Distribution
Percent of People with Each Score
Percentile by Number Answered
Your Score History
You have not taken this quiz since the last reset